| 000 | 00907nam a22002057a 4500 | ||
|---|---|---|---|
| 003 | BDDh-ASL | ||
| 005 | 20231016062621.0 | ||
| 008 | 230401s2009 b ||||| |||| 00| 0 b d | ||
| 040 |
_aBDDh-ASL _cBDDh-ASL |
||
| 041 | _aben | ||
| 082 |
_a920.8094 _bMUJ |
||
| 100 | 1 |
_aমুখোপাধ্যায়, শক্তিসাধন _97803 |
|
| 245 | 1 | 0 | _aযদি চিনি যদি জানিবারে পাই : ডিরোজিও সম্পর্কিত প্রবন্ধ সংকলন / |
| 246 | _aJadi Chini Jadi Janibare Pai by Sakti Sadhan Mukhopadhyay. | ||
| 260 |
_aকলকাতা : _bগ্রন্থমিত্র, _c2009. |
||
| 300 |
_a374 p. : _c22 cm. |
||
| 650 | 0 |
_abiographical dictionary - চরিতাভিধান _94665 |
|
| 700 | 1 |
_aমুখোপাধ্যায়, ব্রতীন্দ্রনাথ _97804 |
|
| 942 |
_2ddc _cBK |
||
| 999 |
_c31567 _d31567 |
||